000 00295nam a2200121Ia 4500
008 190902s9999||||xx |||||||||||||| ||und||
020 _a0-8144-0533-9
100 _aSharon Khan
245 0 _a101 Best Businesses to Start
260 _aLondon
_bThe McGraw-Hill
_c1992
300 _a529
942 _cBK
999 _c2788
_d2788